000 00230nam a2200097Ia 4500
001 689164
005 20250826161629.0
008 250824s9999 xx 000 0 und d
245 0 _a15
_cMÜREN BEYKAN
260 _bGÜNIŞIĞI YAYINLARI
999 _c689164
_d689164